MARC

LEADER 00000nam0a2200000 4500
001 282064
005 20231101235449.0
020 |a RU  |b 85-37581 
035 |a (RuTPU)RU\TPU\book\305937 
090 |a 282064 
100 |a 20150128d1983 k y0rusy5003 ca 
101 0 |a rus 
102 |a RU 
105 |a a z 001zy 
200 1 |a Планировка и застройка сельских населенных мест  |e межвузовский сборник научных статей  |f Куйбышевский инженерно-строительный институт им. А. И. Микояна ; под ред. И. А. Виншу 
210 |a Куйбышев  |c Изд-во КуИСИ  |d 1983 
215 |a 172 с.  |c ил. 
606 |a Села  |x Градостроительство  |2 stltpush  |3 (RuTPU)RU\TPU\subj\54412  |9 72569 
610 1 |a сельское население 
610 1 |a размещение 
610 1 |a Поволжье 
610 1 |a архитектурно-планировочная структура 
610 1 |a застройка 
610 1 |a жилая среда 
610 1 |a климат 
610 1 |a планировка 
610 1 |a производственные факторы 
610 1 |a учет 
610 1 |a очистные сооружения 
675 |a 711.437  |v 3 
702 1 |a Виншу  |b И. А.  |g Игорь Александрович  |4 340 
712 0 2 |a Куйбышевский инженерно-строительный институт им. А. И. Микояна  |2 stltpush  |3 (RuTPU)RU\TPU\col\13864  |9 25809 
801 0 |a RU  |b RuMRKP  |c 19950704  |g psbo 
801 1 |a RU  |b 63413507  |c 20150128 
801 2 |a RU  |b 63413507  |c 20170622  |g RCR 
942 |c BK